Κατάλογος Βιβλιοθηκών Mediterranean College

Επαγωγική Στατιστική (Record no. 8158)

MARC details
000 -LEADER
fixed length control field 01643cam a22002054a 4500
005 - ΗΜΕΡΟΜΗΝΙΑ ΚΑΙ ΩΡΑ ΤΕΛΕΥΤΑΙΑΣ ΕΝΗΜΕΡΩΣΗΣ
Πεδίο ελέγχου 20250605164328.0
008 - FIXED-LENGTH DATA ELEMENTS--GENERAL INFORMATION
Πεδίο ελέγχου σταθερού μήκους 250528s ||||||||||||||||||||||||d
035 ## - SYSTEM CONTROL NUMBER
System control number 23128
020 ## - ISBN
ISBN 9600110794
040 ## - ΠΗΓΗ ΚΑΤΑΛΟΓΟΓΡΑΦΗΣΗΣ
Φορέας πρωτότυπης καταλογογράφησης MC Athens Campus Library
Γλώσσα καταλογογράφησης Ελληνικά, Μοντέρνα (1453-)
Modifying agency MC Athens Campus Library
Κανόνες περιγραφικής καταλογογράφησης AACR2
245 1# - ΤΙΤΛΟΣ ΚΑΙ ΔΗΛΩΣΗ ΥΠΕΥΘΥΝΟΤΗΤΑΣ
Τίτλος Επαγωγική Στατιστική
250 ## - EDITION STATEMENT
Edition statement
260 ## - PUBLICATION, DISTRIBUTION, ETC.
Name of publisher, distributor, etc. Gutenberg,
Date of publication, distribution, etc. 2006
300 ## - PHYSICAL DESCRIPTION
Extent 232
520 ## - SUMMARY, ETC.
Summary, etc. Σε αυτό το βιβλίο παρουσιάζονται τα σημαντικότερα επαγωγικά στατιστικά (Έλεγχοι στατιστικής σημαντικότητας και διαστήματα εμπιστοσύνης) που χρησιμοποιούνται στο χώρο των Κοινωνικών Επιστημών και της Εκπαίδευσης. Πρόλογος, Ευρετήριο Πινάκων και Διαγραμμάτων, Επαγωγική Στατιστική και Επιστημονική Εμπειρική Έρευνα, Βασικές Έννοιες Έρευνας και Στατιστικής, Επαγωγικά Στατιστικά, Η Λογική της Στατιστικής Επαγωγής, Δειγματοληπτικές Κατανομές, Η Διαδικασία του Ελέγχου Υποθέσεων, Ο Έλεγχος t, Ο Έλεγχος z, Ο Έλεγχος F, Ο Έλεγχος Χ2, Ανασκόπηση των Ελεγχων Στατιστικής Σημαντικότητας, Διαστήματα Εμπιστοσύνης, Βιβλιογραφία.
700 1# - ΠΡΟΣΘΕΤΗ ΑΝΑΓΡΑΦΗ--ΦΥΣΙΚΟ ΠΡΟΣΩΠΟ
Personal name Κατσίλλης Ιωάννης Μ
9 (RLIN) 8691
942 ## - ADDED ENTRY ELEMENTS (KOHA)
Koha item type Books
Holdings
Τύπος τεκμηρίου Βιβλιοθήκη Τρέχουσα τοποθεσία Barcode Αριθμός εισαγωγής Ημερομηνία απόκτησης Ταξιθετικό σύμβολο Αριθμός αντιτύπου Κατάσταση απόσυρσης Κατάσταση χαμένου Κατάσταση κατεστραμμένου Μη δανεισμός Σύνολο δανεισμών Ημερομηνία τελευταίας εμφάνισης Η τιμή ισχύει από
Books MC Athens Campus Library MC Athens Campus Library 9780000081575 7641 05/06/2025 519.52 KAT 1           05/06/2025 05/06/2025

MC Athens Campus Library
Πατησίων 94 & Κοδριγκτώνος 13, 104 34
Πελλήνης 8 & Πατησίων 107, 112 51
Τ: +30 210 8899600

MC Thessaloniki Campus Library
Ίωνος Δραγούμη 21, 54625 | Ίωνος Δραγούμη 15, 54625
Τ: +30 2310 287779 – Τ: +30 2314 440300